verbes avec du Dativ - Statistiques

Statistiques générales
  • Ce quiz a été pris 20 fois
  • Le résultat moyen est 6 sur 12
Statistiques - réponses
Réponse % Correct
danken
100%
schmecken
100%
zusehen
100%
folgen
50%
gefallen
50%
gehören
50%
gratulieren
50%
helfen
50%
zuhören
50%
antworten
0%
fehlen
0%
vertrauen
0%
Aucun quiz correspondant
Distribution des résultats
% des personnes avec chaque résultat
Percentile par nombre de réponses
Votre historique - résultats
Vous n’avez pas pris ce quiz